00371nam a2200157Ia 45000010006000000050017000060080041000230410008000640820016000721000034000882450038001222600009001603000028001696500008001976540008002051653620260306170316.0260306t2010||||xx |||||||||||||| ||und|| aESP a348.6bT869 aToyama Miyagusuku, JorgeeAUT 0aManual de actualización laboral c2010 a279 páginas :c24 cm. aGEN aCDE